000 00248nam a2200109Ia 4500
008 190216s9999||||xx |||||||||||||| ||und||
100 _aDiwakar R R
245 0 _aSaga Of Sathyagraha
260 _bGandhi Foundation
650 _aEssays
942 _cBK
999 _c12056
_d12056